000 00714nam a22002417i 4500
999 _c8291
_d8291
003 URS
005 20220114153220.0
008 170808b xxu||||| |||| 00| 0 eng d
020 _a9712327329
040 _erda
_cURSP-College Library
_beng
050 _b361.7 P134 1999
082 _a361.7
_bP13 2003
100 1 _aPadilla, Reynaldo A.
245 _aCivic Welfare Service:
_bA Component of the Expanded ROTC Program
264 1 _aManila
_bRex Book Store
_c1999.
300 _avi, 142 pages;
_c22cm.
336 _atext
_btxt
_2rdacontent
337 _aunmediated
_bn
_2rdamedia
338 _avolume
_bnc
_2rdacarrier
504 _aIncludes bibliography
650 0 _aStudent service
_zPhilippines
942 _2lcc
_cF